| 000 | 02338nam0a2200397 4500 | ||
|---|---|---|---|
| 001 | RU\NLR\DIGIT\71906 | ||
| 005 | 20260407104639.0 | ||
| 035 | _a(NLR Aleph) 010135060 | ||
| 035 | _aRU\NLR\A1\UKAZ\3662 | ||
| 090 |
_a10032675 _c10032675 |
||
| 100 | _a20030129j1800 u y0rusy50 ca | ||
| 101 | 0 | _arus | |
| 102 | _aRU | ||
| 135 | _acrbn 001aaaba | ||
| 200 | 1 |
_a[О сыске отставного корнета Хршановского] _eИз Государственной Военной коллегии в губернское правление. |
|
| 210 |
_a[Б.м. _dиюнь 1800] |
||
| 215 |
_a[1] л. _d2° |
||
| 300 | _aСообщ. из Воен. коллегии в губ. правления | ||
| 304 | _aТекст начинается словами: Государственная Военная коллегия, по рапорту господина генерал-маиора, его императорскаго величества генерал-аудитора и кавалера князя Салагова, в котором написано... | ||
| 306 | _aВ конце текста дата: Июня дня 1800 года | ||
| 325 | _aКопия доступна в Электрон. б-ке РНБ http://vivaldi.nlr.ru/lk000001273/view | ||
| 517 | 1 | _aГосударственная Военная коллегия, по рапорту господина генерал-маиора, его императорскаго величества генерал-аудитора и кавалера князя Салагова, в котором написано... | |
| 600 | 1 | _aХршановский | |
| 610 | _aРоссия. Законы и постановления | ||
| 702 | 0 |
_aПавел _cимп. _dI _f1754-1801 _4720 |
|
| 710 | 0 | 1 |
_aРоссия _bВоенная коллегия _3RU\NLR\AUTH\889934776 _9364578 |
| 801 | 0 |
_aRU _bNLR _c20030129 |
|
| 852 |
_aNLR _c17.155.1.45-1-132 |
||
| 856 | 0 | _uhttp://vivaldi.nlr.ru/lk000001273/view | |
| 856 | 1 | _uhttp://vivaldi.nlr.ru/lk000001273/cover | |
| 856 | 2 | _uhttp://vivaldi.nlr.ru/lk000001273/text | |
| 942 | _cBOOK | ||
| 980 | _aNB | ||
| 981 | 3 | 6 | _a(36) Цифровой репозиторий РНБ |
| 981 | 1 | 6 | _a(16) Законодательные акты Российской империи |